La planete des bidonvilles : perspectives de l'explosion urbaine dans le Tiers monde

Αποθηκεύτηκε σε:
Λεπτομέρειες βιβλιογραφικής εγγραφής
Κύριος συγγραφέας: Granotier, Bernard
Μορφή: Βιβλίο
Γλώσσα:French
Δημοσίευση: Paris : Seuil, c1980
Σειρά:Histoire immediate
Θέματα:
Ετικέτες: Προσθήκη ετικέτας
Δεν υπάρχουν, Καταχωρήστε ετικέτα πρώτοι!

MARC

LEADER 00000cam a2200000 i 4500
001 1/90475
008 970509s1980 fre d
020 |a 2-02-005649-6 
035 |l 10007542 
040 |a GR-MY-UA  |b gre  |e aacr 
041 0 |a fre 
082 0 |a 307.76 
100 1 |a Granotier, Bernard. 
245 1 3 |a La planete des bidonvilles :  |b perspectives de l'explosion urbaine dans le Tiers monde /  |c Bernard Granotier 
260 |a Paris :   |b Seuil,   |c c1980 
300 |a 381 p.;  |c 21 cm 
490 1 |a Histoire immediate 
504 |a Bibliography: p. 376-[379]. Includes index 
650 0 0 |a Urbanization  |z Developing countries. 
650 0 0 |a Poor  |z Developing countries. 
830 0 |a Histoire immediate 
852 |a INST  |b LESVOS  |e 19970509  |h 307.76 GRA  |p 005100011297  |q 005100011297  |t BK  |y 0 
909 |a Λ  |b 012941